Effect of calcium nitrate dosege to the growth of celery cabbage VIA hydroponic; ឥទ្ធិពលនៃកំហាប់កាល់ស្យូននីត្រាតលើកាតលូតលាស់ដំណាំស្ពៃចង្កឹះ ដាំតាមបច្ចេកទេសអ៊ីដ្រូប៉ូនិច (Record no. 10967)

000 -LEADER
fixed length control field 00739nam a22001577a 4500
003 - CONTROL NUMBER IDENTIFIER
control field OSt
005 - DATE AND TIME OF LATEST TRANSACTION
control field 20161127111152.0
008 - FIXED-LENGTH DATA ELEMENTS--GENERAL INFORMATION
fixed length control field 161127b xxu||||| |||| 00| 0 eng d
040 ## - CATALOGING SOURCE
Transcribing agency RUA
082 ## - DEWEY DECIMAL CLASSIFICATION NUMBER
Classification number AGR LIM B541 2014 Or.1
100 ## - MAIN ENTRY--PERSONAL NAME
9 (RLIN) 11410
Personal name LIM DORICH; លឹម​ដូរីស្ច
245 ## - TITLE STATEMENT
Title Effect of calcium nitrate dosege to the growth of celery cabbage VIA hydroponic; ឥទ្ធិពលនៃកំហាប់កាល់ស្យូននីត្រាតលើកាតលូតលាស់ដំណាំស្ពៃចង្កឹះ ដាំតាមបច្ចេកទេសអ៊ីដ្រូប៉ូនិច
260 ## - PUBLICATION, DISTRIBUTION, ETC. (IMPRINT)
Place of publication, distribution, etc. Phnom Penh
Name of publisher, distributor, etc. RUA
Date of publication, distribution, etc. 2014
300 ## - PHYSICAL DESCRIPTION
Extent ix; 47p;
Other physical details ill;
Dimensions 29cm;
942 ## - ADDED ENTRY ELEMENTS (KOHA)
Source of classification or shelving scheme
Koha item type AGR
Holdings
Price effective from Date last seen Permanent Location Not for loan Date acquired Source of classification or shelving scheme Koha item type Lost status Withdrawn status Date last checked out Total Checkouts Shelving location Damaged status Barcode Current Location Full call number
2016-11-272016-11-27Library Block B 2016-11-27 AGR    B541 A05079Library Block BAGR LIM B541 2014 Or.1
2016-11-272016-11-27Library Block B 2016-11-27 AGR    B541 A05097Library Block BAGR LIM B541 2014 Or.2
2016-11-272016-11-27Library Block B 2016-11-27 AGR    B541 A05363Library Block BAGR LIM B541 2014 Or.3
2016-11-272024-01-09Library Block B 2016-11-27 AGR  2023-12-251B541 A05071Library Block BAGR LIM B541 2014 Or.4
2016-11-272016-11-27Library Block B 2016-11-27 AGR    B541 A05246Library Block BAGR LIM B541 2014 Or.5
2016-11-272020-08-14Library Block B 2016-11-27 AGR  2020-05-251B541 A05082Library Block BAGR LIM B541 2014 Or.7
2016-11-272016-11-27Library Block B 2016-11-27 AGR    B541 A05537Library Block BAGR LIM B541 2014 Or.6
2016-11-272016-11-27Library Block B 2016-11-27 AGR    B541 A05358Library Block BAGR LIM B541 2014 Or.8
មជ្ឈមណ្ឌលឯការនៃសាកលវិទ្យាល័យភូមិន្ទកសិកម្មចំការដូង

Powered by Koha